Το πρόσωπο του νέου ελληνισμού : διαλέξεις και δοκίμια
Αποθηκεύτηκε σε:
| Κύριος συγγραφέας: | |
|---|---|
| Άλλοι συγγραφείς: | |
| Μορφή: | Βιβλίο |
| Γλώσσα: | Greek |
| Δημοσίευση: |
Αθήνα :
Το Ροδακιό,
c2005.
|
| Θέματα: | |
| Ετικέτες: |
Προσθήκη ετικέτας
Δεν υπάρχουν, Καταχωρήστε ετικέτα πρώτοι!
|
MARC
| LEADER | 00000cam a2200000 i 4500 | ||
|---|---|---|---|
| 001 | 1/28156 | ||
| 008 | 060412s2005 gr | ||| |||| ||gre|| | ||
| 020 | |a 9607360710 | ||
| 035 | |l 10083584 | ||
| 040 | |a GR-MyUa |b gre |e AACR2 | ||
| 041 | 0 | |a gre | |
| 082 | 7 | |a 889.4 |2 (22) | |
| 100 | 1 | |a Χατζής, Δημήτρης, |d 1913-1981. | |
| 245 | 1 | 3 | |a Το πρόσωπο του νέου ελληνισμού : |b διαλέξεις και δοκίμια / |c Δημήτρης Χατζής ; επιμέλεια-εισαγωγή: Βενετία Αποστολίδου ; φωτογραφία στο εξώφυλλο: Φίλιππος Κουτσαφτής. |
| 260 | |a Αθήνα : |b Το Ροδακιό, |c c2005. | ||
| 300 | |a 394 σ. ; |c 21 εκ. | ||
| 504 | |a Bιβλιογραφία: σ. 371-384. Ευρετήριο. | ||
| 650 | 0 | 0 | |a Greek literature, Modern |x History and criticism. |
| 650 | 0 | 0 | |a Greeks |x Ethnic identity. |
| 700 | 1 | |a Αποστολίδου, Βενετία, |d 1961- |e edtf |e aui | |
| 852 | |a INST |b LESVOS |e 20060412 |h 889.01 ΧΑΤ |p 005100034880 |q 005100034880 |t BK |y 0 | ||
| 852 | |a INST |b SYROS |e 20090327 |h 889.4 ΧΑΤ |p 005500008529 |q 005500008529 |t BK |y 0 | ||
| 901 | |a BIBL5-2009-1 | ||
| 901 | |a BIBL1-2006-1 | ||
| 920 | |a ΕΠΕΑΕΚ ΠΜΣ ΓΥΝΑΙΚΕΣ KAI ΦΥΛΑ |y ΛΕΣΒΟΣ |z 2006-03 | ||
| 922 | |a 5ΕΛΗ |b 200708 |c ΕΠΕΑΕΚ2/ΤΜΣΠΣ |d Σ. ΠΑΤΑΚΗΣ | ||
| 970 | |a ΚΑΡΑ |b ΓΙΑΣΕΜΗ |z 2006/04/12 | ||